000 00207nam a22000857a 4500
008 161121b xxu||||| |||| 00| 0 eng d
100 _91298
_aCBSE
245 _aScience Practical-X
260 _aNew Delhi
_bCBSE
_c2010
999 _c4003
_d4003